[Event "Andalucia-ch"]
[Site "Lucena"]
[Date "2012.04.29"]
[Round "5"]
[White "Castro Serrano, Oscar"]
[Black "Alshameary Puente, Ismael"]
[Result "0-1"]
[WhiteElo "1740"]
[BlackElo "2049"]
[PlyCount "48"]
[EventDate "2012.04.26"]
[EventType "swiss"]
[EventRounds "9"]
[EventCountry "ESP"]
[SourceTitle "EXT 2013"]
[Source "ChessBase"]
[SourceDate "2012.11.22"]
[SourceVersion "1"]
[SourceVersionDate "2012.11.22"]
[SourceQuality "1"]

1. d4 Nf6 2. Nf3 g6 3. Nbd2 d5 4. e3 Bg7 5. Bd3 0-0 6. 0-0 Nfd7 7. c4 dxc4 8. Bxc4 c5 9. Ne4 cxd4 10. Nxd4 Ne5 11. Bb3 Nbc6 12. Nxc6 Nxc6 13. Qe2 Qc7 14. Rd1 Na5 15. Qc2 Qxc2 16. Bxc2 Bf5 17. Rb1 Rac8 18. Bd3 Rfd8 19. f3 Nc4 20. b3 Ne5 21. Be2 Rxd1+ 22. Bxd1 Bh6 23. Bd2 Ng4 24. Rc1 Rd8 0-1

[Event "Almansa op-B 6th"]
[Site "Almansa"]
[Date "2011.08.10"]
[Round "2.12"]
[White "Trabazos Gallego, Javier"]
[Black "Castro Serrano, Oscar"]
[Result "1-0"]
[WhiteElo "1932"]
[BlackElo "1736"]
[PlyCount "82"]
[EventDate "2011.08.09"]
[EventType "swiss"]
[EventRounds "9"]
[EventCountry "ESP"]
[SourceTitle "EXT 2024"]
[Source "ChessBase"]
[SourceDate "2023.10.10"]
[SourceVersion "1"]
[SourceVersionDate "2023.10.10"]
[SourceQuality "1"]

1. d4 Nf6 2. Nf3 d5 3. Bf4 e6 4. e3 c5 5. c3 Qb6 6. Qc2 cxd4 7. exd4 Nc6 8. Nbd2 Bd7 9. Ne5 Rc8 10. Nxd7 Nxd7 11. Qb3 Be7 12. Nf3 0-0 13. Bd3 Na5 14. Qc2 Nf6 15. Ne5 Nc4 16. Rb1 Qa5 17. 0-0 b5 18. Bg5 h6 19. Bh4 Nd6 20. a3 Nc4 21. Qe2 Rc7 22. Bxf6 Bxf6 23. Ng4 Be7 24. f4 Qb6 25. Rf3 f5 26. Ne5 a5 27. Re1 Nxe5 28. Qxe5 Rc6 29. Qe2 b4 30. axb4 axb4 31. Bc2 Bf6 32. Re3 bxc3 33. bxc3 Rfc8 34. Rb1 Qa7 35. Rxe6 Bxd4+ 36. Kh1 Qd7 37. Bxf5 Rxc3 38. Re1 Qf7 39. Bg6 Qf8 40. Re8 Rxe8 41. Qxe8 Bf2 1-0

[Event "Andalucia-ch U16 1011"]
[Site "Almeria"]
[Date "2011.03.25"]
[Round "2.7"]
[White "Valero Gutierrez, Alvaro"]
[Black "Castro Serrano, Oscar"]
[Result "0-1"]
[WhiteElo "1902"]
[BlackElo "1732"]
[PlyCount "42"]
[EventDate "2011.03.25"]
[EventType "swiss"]
[EventRounds "9"]
[EventCountry "ESP"]
[SourceTitle "EXT 2024"]
[Source "ChessBase"]
[SourceDate "2023.10.10"]
[SourceVersion "1"]
[SourceVersionDate "2023.10.10"]
[SourceQuality "1"]

1. e4 c5 2. Nf3 d6 3. Bb5+ Bd7 4. Bxd7+ Nxd7 5. d4 cxd4 6. Qxd4 Ngf6 7. 0-0 g6 8. c4 Bg7 9. Nc3 0-0 10. Bg5 h6 11. Bxf6 Bxf6 12. Qe3 Kh7 13. Rfd1 Ne5 14. Nxe5 Bxe5 15. f4 Bxc3 16. Qxc3 Rc8 17. b3 b5 18. Qd4 bxc4 19. Qxa7 Qc7 20. Qe3 cxb3 21. axb3 Qc3 0-1